Федоровский или универсально-оптический метод: с 7 табл.; Известия Томского Технологического Института [Известия ТТИ]; Т. 21, № 1

Dettagli Bibliografici
Parent link:Известия Томского Технологического Института [Известия ТТИ]/ Томский технологический институт (ТТИ).— , 1903-1923
Т. 21, № 1.— 1911
Autore principale: Усов М. А. Михаил Антонович
Riassunto:Заглавие с титульного листа
Электронная версия печатной публикации
Lingua:russo
Pubblicazione: 1911
Soggetti:
Accesso online:Черно-белая версия для предварительного просмотра
Цветная версия без потери качества
Natura: MixedMaterials Elettronico Capitolo di libro
KOHA link:https://koha.lib.tpu.ru/cgi-bin/koha/opac-detail.pl?biblionumber=169695

MARC

LEADER 00000naa2a2200000 4500
001 169695
005 20231031163516.0
035 |a (RuTPU)RU\TPU\book\184059 
035 |a RU\TPU\book\184057 
090 |a 169695 
100 |a 20091117d1911 k y0rusy50 ca 
101 0 |a rus 
102 |a RU 
135 |a drnn ---uucaa 
181 0 |a i  
182 0 |a b 
200 1 |a Федоровский или универсально-оптический метод  |b Электронный ресурс  |e с 7 табл.   |f М. А. Усов 
203 |a Текст  |c электронный 
215 |a 2 файла (6.8 Мб, 134 Мб) 
230 |a Электронные текстовые данные (2 файла : 6.8 Мб, 134 Мб) 
300 |a Заглавие с титульного листа 
300 |a Электронная версия печатной публикации 
337 |a Adobe Reader 
461 1 |0 (RuTPU)RU\TPU\book\165999  |t Известия Томского Технологического Института [Известия ТТИ]  |f Томский технологический институт (ТТИ)  |d 1903-1923 
463 1 |0 (RuTPU)RU\TPU\book\184052  |t Т. 21, № 1  |d 1911  |p 266 с. 
610 1 |a электронный ресурс 
610 1 |a труды учёных ТПУ 
700 1 |a Усов  |b М. А.  |c российский геолог  |c профессор Томского технологического института  |f 1883-1939  |g Михаил Антонович  |2 stltpush  |3 (RuTPU)RU\TPU\pers\1941 
801 1 |a RU  |b 63413507  |c 20090320  |g PSBO 
801 2 |a RU  |b 63413507  |c 20160127  |g PSBO 
856 4 |u http://www.lib.tpu.ru/fulltext/v/Bulletin_TPU/1911/v21/a4_bw.pdf  |z Черно-белая версия для предварительного просмотра 
856 4 |u http://www.lib.tpu.ru/fulltext/v/Bulletin_TPU/1911/v21/a4_full.pdf  |z Цветная версия без потери качества 
942 |c BK